LIBRARY & INFORMATION CENTRE, KCAET, TAVANUR

ONLINE PUBLIC ACCESS CATALOGUE (OPAC)

Social life of a modern community / (Record no. 2304)

MARC details
000 -LEADER
fixed length control field 00458cam a2200181ua 4500
041 ## - LANGUAGE CODE
Language code of text/sound track or separate title eng
082 ## - DEWEY DECIMAL CLASSIFICATION NUMBER
Classification number 307
Item number WAR/SO
100 ## - MAIN ENTRY--AUTHOR NAME
Personal name Warner, Lloyd.W .
245 ## - TITLE STATEMENT
Title Social life of a modern community /
250 ## - EDITION STATEMENT
Edition statement 1 /
260 ## - PUBLICATION, DISTRIBUTION, ETC. (IMPRINT)
Place of publication :
Name of publisher New haven yale university press ,
Year of publication 1959.
300 ## - PHYSICAL DESCRIPTION
Number of Pages 460 ; .
700 1# - ADDED ENTRY--PERSONAL NAME
Personal name Lunt, Pauls .
942 ## - ADDED ENTRY ELEMENTS (KOHA)
Koha item type Books
Holdings
Withdrawn status Lost status Damaged status Home library Current library Date acquired Full call number Accession Number Koha item type
Withdrawn     KAUAET KAUAET 07/04/2012 307 666 B Books
Withdrawn     KAUAET KAUAET 07/04/2012 307 666 A Books
free website counter